00573nam a2200133Ia 4500008004100000100002700041245009500068245012800163260005300291260000900344300001000353650001500363856006100378170221s9999 xx 000 0 und d aValentina I. Revyakina aEducational Management in the System of Pupils’ Orientation to a Pedagogical Profession  cValentina I. Revyakina, Natalya V. Kharina, Vasilii Ya. Sinenko, Elena L. Rudneva, Albina A. Temerbekova, Anna R. Demchenko bInternational Review of Management and Marketing c2016 a6 : 1 xMarketing. uhttp://www.econjournals.com/index.php/irmm/issue/view/64